Responses for show #6443 - Wednesday, September 26, 2012

Contestants

Sheri Boysen, a stay-at-home mom from Houston, Texas

Mike Malaier, an attorney from Tacoma, Washington

David Schuman, a communications and economics student originally from Ardsley, New York (whose 1-day cash winnings total $4,300)

Jeopardy! Round responses

IN THE POLITICAL ARENA
CLEAN OUT YOUR CLOSET
MUSEUMS
WHAT YEAR WAS THAT?
THE NON -ED PAST PARTICIPLE
BIG CHECKS
(Alex: ...which you're hoping to receive at the end of the show.)
    $200 12
Mister (Fred) Rogers

Sheri
    $200 2
Hans Christian Andersen

Mike
    $200 1
(David: What is 2010?)

2011

DavidMike
    $200 7
Bill Maher

Mike
    $400 22
(Alex: Yes, with less than a minute to go.)

Rick Perry

David
    $400 13
Nike

Sheri
    $400 6
(Mike: What is a house of [*]?)
(Alex: It's the Chamber of [*]. Yes. Okay. "[*]" is the definitive word.)

Horrors

Mike
    $400 21
1984

Mike
    $400 8
(David: What is... the PGA Tour?)

the Seniors Tour

DavidSheri
    $600 3
Utah

Sheri
    $600 14
wool

Mike
    $600 18
the Dead Sea Scrolls

David
    $600 15
knelt

David
    $600 9
Publishers Clearing House

David
    $800 4
Upton

David
    $800 25
Salvation Army

David
    $1,500 19
(David: Um... what is the Louvre?)

the Rijksmuseum (in Amsterdam)

David
    $800 26
(David: What is 1968?)
(Mike: What is 1969?)
...
(Sheri: Thanks, guys.)
[The end-of-round signal sounds.]

1967

DavidMikeSheri
    $800 16
unbound

Sheri
    $800 10
Roger Goodell

David
    $1000 5
Joe Lieberman

David
    $1000 24
Success

Sheri
    $1000 20
(David: Gotta go with Nashville on--what is Nashville?)

Oak Ridge

David
Triple Stumper
    $1000 23
(Sheri: What is 18... mm, 14?)
(David: What is 1812?)
(Alex: No. It was in the--in the War of 1812, but it happened in [*], at the end of the war.)

1815

DavidSheri
Triple Stumper
    $1000 17
smitten

Mike
    $1000 11
AIDS

Sheri

Scores at the first commercial break (after clue 14):

David Mike Sheri
$2,600 $1,600 $2,600

Scores at the end of the Jeopardy! Round:

David Mike Sheri
$700 $2,200 $4,200

Double Jeopardy! Round responses

IN THE CORPORATE ARENA
LITERARY TABLOID HEADLINES
RANDOM HOUSE
CHEMISTRY
THERE'S A WORD FOR THAT
"MAN"LY PLACES
    $400 26
Nationwide

Sheri
    $400 18
Romeo and Juliet

Sheri
    $400 13
the White House

David
    $400 8
iodine

David
    $400 2
roster

Sheri
    $400 1
Manitoba

Sheri
    $800 27
Verizon

David
    $800 19
Lord of the Flies

Sheri
    $800 14
(Sheri: What is Nashville?)

Graceland

DavidSheri
    $800 9
dye

David
    $800 3
a horde

David
    $800 4
Mannheim

Mike
    $1200 28
(Sheri: What is UPS?)

FedEx

DavidSheri
    $1200 20
The Scarlet Letter

Sheri
    $1200 15
Henry Ford

Mike
    $1200 10
a membrane

Mike
    $1200 23
a couplet

Mike
    $1200 5
Manchuria

Mike
    $1600 29
Honda

Sheri
    $3,800 21
(Sheri: [Under breath] Okay, this is either Rebecca, or it is... [normal voice] What is [*]?)

Jane Eyre

Sheri
    $1600 16
(David: What is Fallingwaters?)

Fallingwater

DavidSheri
    $1600 11
sulfuric acid

Mike
    $1600 24
(Alex: That's the word, with a minute to go.)

spindle

Sheri
    $1600 6
Manchester

Mike
    $2000 30
United

Mike
    $2000 22
"The Cask of Amontillado"

Mike
    $2000 17
Doris Duke

Sheri
    $3,600 12
distillation

Mike
    $2000 25
defenestration

Mike
    $2000 7
Manzanar

Triple Stumper

Scores at the end of the Double Jeopardy! Round:

David Mike Sheri
$4,300 $20,600 $16,400

[wagering suggestions for these scores]

Final Jeopardy! Round responses

TV ANIMATION
DavidWho are the Wonder Twins
$4,200
SheriWho are Phineas & Ferb?
$15,000
MikeWho are Ren and Stimpy
$12,500
Beavis & Butt-head

Final scores:

David Mike Sheri
$100 $8,100 $1,400
3rd place: $1,000 New champion: $8,100 2nd place: $2,000

Game dynamics:

Coryat scores:

David Mike Sheri
$5,800 $19,000 $14,200
15 R,
7 W
(including 1 DD)
18 R
(including 1 DD),
1 W
19 R
(including 1 DD),
3 W

Combined Coryat: $39,000

The J! Archive is created by fans, for fans. The Jeopardy! game show and all elements thereof, including but not limited to copyright and trademark thereto, are the property of Jeopardy Productions, Inc. and are protected under law. This website is not affiliated with, sponsored by, or operated by Jeopardy Productions, Inc. Join the discussion at JBoard.tv.